The Book of Job: (Record no. 3749)

MARC details
000 -LEADER
fixed length control field 00521nam a22001697a 4500
003 - CONTROL NUMBER IDENTIFIER
control field GBCCL
005 - DATE AND TIME OF LATEST TRANSACTION
control field 20241126110502.0
008 - FIXED-LENGTH DATA ELEMENTS--GENERAL INFORMATION
fixed length control field 171206b xxu||||| |||| 00| 0 eng d
040 ## - CATALOGING SOURCE
Transcribing agency gbc
082 ## - DEWEY DECIMAL CLASSIFICATION NUMBER
Classification number 223.106
Item number ZUC
100 ## - MAIN ENTRY--PERSONAL NAME
Personal name Zuck, William Johnston
9 (RLIN) 7409
245 ## - TITLE STATEMENT
Title The Book of Job:
Remainder of title With an introduction and notes /
Statement of responsibility, etc. William Johnston Zuck
260 ## - PUBLICATION, DISTRIBUTION, ETC.
Place of publication, distribution, etc. Ohio:
Name of publisher, distributor, etc. United Brethren Publishing House,
Date of publication, distribution, etc. 1898
300 ## - PHYSICAL DESCRIPTION
Extent 212 p.;
Dimensions 17 cm.
650 ## - SUBJECT ADDED ENTRY--TOPICAL TERM
Topical term or geographic name entry element Bible-Old Testament
Form subdivision Job
General subdivision introduction
9 (RLIN) 7651
942 ## - ADDED ENTRY ELEMENTS (KOHA)
Source of classification or shelving scheme Dewey Decimal Classification
Koha item type Books
Koha issues (borrowed), all copies 3
Holdings
Withdrawn status Lost status Source of classification or shelving scheme Damaged status Not for loan Home library Current Library Shelving location Date acquired Total checkouts Full call number Barcode Date last seen Date last checked out Copy number Price effective from Koha item type
    Dewey Decimal Classification     GRACE BIBLE COLLEGE GRACE BIBLE COLLEGE Biblical Studies 2017-12-06 4 223.106 ZUC 007565 2025-05-01 2025-01-20 c.1 2017-12-06 Books
© Grace Bible College Library 2025